000 01370cam a2200325 a 4500
001 2105406
003 OSt
005 20160610144451.0
008 960228s1996 vaua b 001 0 eng
010 _a 96009979
020 _a0871202611 (pbk.)
040 _aDLC
_cDLC
_dDLC
043 _an-us---
050 0 0 _aLC 1032
_b.T43 1996
082 0 0 _aGLT 371.27
_bT22 1996
245 0 2 _aA teacher's guide to performance-based learning and assessment /
_cK. Michael Hibbard et al.
246 3 0 _aPerformance-based learning and assessment
260 _aAlexandria Va. :
_bAssociation for Supervision and Curriculum Development,
_c1996.
300 _a294 p. :
_bill. ;
_c25 cm.
500 _aIncludes bibliographical references (p. 283-290) and indexes.
650 0 _aCompetency based education
_zUnited States.
_922601
650 0 _aCompetency based educational tests
_zUnited States.
_922602
700 1 _aHibbard, K. Michael.
_922603
710 2 _aPomperaug Regional School District 15 (Middlebury and Southbury, Conn.)
_922604
710 2 _aAssociation for Supervision and Curriculum Development.
_9149
906 _a7
_bcbc
_corignew
_d1
_eocip
_f19
_gy-gencatlg
942 _2lcc
_cBK
999 _c12577
_d12577